Normal view MARC view
  • Ramteke, Timothy

Entry Personal Name

Number of records used in: 1

001 - CONTROL NUMBER

  • control field: 104643

003 - CONTROL NUMBER IDENTIFIER

  • control field: NUST

005 - DATE AND TIME OF LATEST TRANSACTION

  • control field: 20221212122047.0

008 - FIXED-LENGTH DATA ELEMENTS

  • fixed length control field: 221212|| aca||aabn | a|a d

040 ## - CATALOGING SOURCE

  • Original cataloging agency: NUST
  • Transcribing agency: NUST

100 ## - HEADING--PERSONAL NAME

  • Personal name: Ramteke, Timothy

670 ## - SOURCE DATA FOUND

  • Source citation: Work cat.: (NUST)182638: Ramteke, Timothy., Networks /, c2001.
© 2023 Central Library, National University of Sciences and Technology. All Rights Reserved.